| 000 | 00627nam a22001815i 4500 | ||
|---|---|---|---|
| 001 | 176061 | ||
| 003 | ES-MaACL | ||
| 005 | 20230906215957.0 | ||
| 008 | 101214s1954 sp |||| | spa d | ||
| 080 | _a81'362 | ||
| 100 | 1 |
_aCriado de Val, Manuel. _941605 |
|
| 245 | 1 | 0 |
_aFisonomía del idioma español _b: sus características comparadas con las del francés, italiano, portugués, inglés y alemán / _cM. Criado de Val. |
| 260 |
_aMadrid : _bAguilar, _cD. L. 1954. |
||
| 300 |
_aXV, 256 p. ; _c22 cm. |
||
| 500 | _aÍndice. | ||
| 650 | 4 |
_aLengua española- _xGramática comparada. _9144303 |
|
| 852 |
_aES-MaACL _jE-13797 |
||
| 999 |
_c176061 _d176061 |
||